| 000 | 00614nam a22002057a 4500 | ||
|---|---|---|---|
| 999 |
_c195824 _d195824 |
||
| 005 | 20230503150606.0 | ||
| 010 | _aENG-136760 | ||
| 020 |
_a9788188965762 _c350.00 |
||
| 020 | _a8188965766 | ||
| 035 | _aEN-120292 | ||
| 037 | _bDBAD/PUB | ||
| 082 | _aS | ||
| 100 | _aHosain, Attia | ||
| 245 |
_aDistant Traveller : _bNew & Selected Fiction / _cBy Attia Hosain Selected & Edited By Aamer Hussein With Shama Habibullah |
||
| 250 | _aFirst | ||
| 260 |
_aNew Delhi _bWomen Unlimited _c2013 |
||
| 270 |
_aK-36, Hauz Khas Enclave _bNew Delhi _e110016 |
||
| 300 |
_a234p.; _c22m(pbk) |
||
| 942 |
_2ddc _cEN _hS _mHOS |
||